| 000 | 00608nam a2200205 a 4500 | ||
|---|---|---|---|
| 005 | 20140310183315.0 | ||
| 008 | 051004s19uu xx 00 eng d | ||
| 020 | _a1-4018-3779-4 | ||
| 050 |
_aQA 76.575 _b.B46 2005 |
||
| 100 | _aBennett, James Gordon | ||
| 245 | _aDesign fundamentals for new media/. | ||
| 260 |
_aAustralia : _bThomson/Delmar Learning, _c2005. |
||
| 300 |
_a348 p. : _bcol. ill. ; _c35 cm. |
||
| 521 | _aMA | ||
| 650 |
_aMultimedia systems _xDesign. |
||
| 650 |
_aDigital Media _xDesign. |
||
| 650 |
_aMass media Technological _xInnovation. |
||
| 942 |
_cBK _2lcc _kFOR |
||
| 999 |
_c21255 _d21255 |
||